[Event "Bundesliga 1112"]
[Site "Germany"]
[Date "2011.11.19"]
[Round "4.3"]
[White "Bobras, Piotr"]
[Black "Dgebuadze, Alexandre"]
[Result "1-0"]
[WhiteElo "2544"]
[BlackElo "2544"]
[Annotator "RR"]
[PlyCount "73"]
[EventDate "2011.10.14"]
[EventType "team-tourn"]
[EventRounds "15"]
[EventCountry "GER"]
[SourceTitle "CBM 146"]
[Source "ChessBase"]
[SourceDate "2012.01.18"]
[SourceVersion "1"]
[SourceVersionDate "2012.01.18"]
[SourceQuality "1"]
[WhiteTeam "Trier"]
[BlackTeam "Remagen"]
[WhiteTeamCountry "GER"]
[BlackTeamCountry "GER"]

1. e4 e6 2. d4 d5 3. Nc3 Bb4 4. e5 c5 5. a3 Bxc3+ 6. bxc3 Ne7 7. Qg4 O-O 8. Bd3
Nbc6 9. Bg5 Qa5 10. Ne2 Ng6 11. O-O c4 12. Bxg6 fxg6 13. a4 Rb8 14. h4 b5 15.
axb5 Qxb5 16. Bc1 Rb7 17. f3 Qb6 18. Qg5 Bd7 19. Kf2 Rf5 20. Qe3 h6 21. g4 Rf7
22. Kg3 Qd8 23. Ba3 a5 24. Nf4 g5 25. Ng2 gxh4+ 26. Nxh4 a4 27. Rh1 Be8 28.
Raf1 Na7 29. f4 Nb5 30. Bb4 a3 31. f5 exf5 $6 (31... Qb6 32. Rf3 a2 $14) 32.
gxf5 a2 33. f6 Qb8 34. Kf2 Bd7 35. Rfg1 Be6 $2 (35... a1=Q 36. Rxa1 Qc8) 36.
Qxh6 $18 a1=Q 37. Qh8+ $1 1-0

[Event "Rohde op 09th"]
[Site "Sautron"]
[Date "2009.10.30"]
[Round "8"]
[White "Lagarde, Maxime"]
[Black "Wirig, Anthony"]
[Result "0-1"]
[WhiteElo "2398"]
[BlackElo "2491"]
[Annotator "RR"]
[PlyCount "73"]
[EventDate "2009.10.24"]
[EventType "swiss"]
[EventRounds "9"]
[EventCountry "FRA"]
[SourceTitle "EXT 2010"]
[Source "ChessBase"]
[SourceDate "2010.11.25"]
[SourceVersion "1"]
[SourceVersionDate "2010.11.25"]
[SourceQuality "1"]

1. e4 e6 2. d4 d5 3. Nc3 Bb4 4. e5 c5 5. a3 Bxc3+ 6. bxc3 Ne7 7. h4 Qa5 8. Bd2
Qa4 9. Bd3 Nbc6 10. Nf3 c4 11. Be2 Bd7 12. h5 h6 13. Bf4 ({RR} 13. Nh4 O-O-O
14. f4 Nf5 15. Kf2 Rhf8 16. Bf3 Nce7 17. g3 Nxh4 18. Rxh4 f6 19. Rh1 fxe5 20.
fxe5 Rf7 21. Rh4 g5 22. hxg6 Nxg6 23. Rxh6 Rdf8 24. Rxg6 Rxf3+ 25. Qxf3 Rxf3+
26. Kxf3 Qxc2 27. Rg8+ Kc7 {Wojtaszek,R (2427)-Halkias,S (2546)/Cappelle la
Grande 2002/CBM 086 ext/0-1 (40)}) 13... O-O-O 14. Qd2 Kb8 15. g4 (15. O-O Nf5)
15... Ka8 $146 (15... Rdf8 {Socko,B (2577)-Fernandez Romero,E (2396) Linares
Anibal op 10th 2003 (9) 1/2}) 16. g5 Nf5 17. Kf1 hxg5 18. Bxg5 Rdf8 19. Nh4
Nxh4 20. Bxh4 f6 21. Rg1 fxe5 22. dxe5 (22. Rxg7 $142 {[%csl Gh5]}) 22... Be8
$17 23. h6 Rxh6 24. Bf6 Rh2 25. Rxg7 Rh1+ 26. Rg1 Rxg1+ 27. Kxg1 Qa5 (27...
Rg8+) 28. Qe3 Qc7 29. Bf3 Qh7 30. Rc1 Bg6 31. Kf1 Bxc2 32. Ke2 Be4 (32... Bd3+)
33. Bxe4 dxe4 34. Rg1 Qh5+ 35. f3 Nxe5 36. Qc5 Qxf3+ 37. Ke1 0-1

[Event "Bundesliga 1112"]
[Site "Germany"]
[Date "2011.11.19"]
[Round "4.7"]
[White "Polzin, Rainer"]
[Black "Uhlmann, Wolfgang"]
[Result "1-0"]
[WhiteElo "2469"]
[BlackElo "2379"]
[Annotator "RR"]
[PlyCount "141"]
[EventDate "2011.10.14"]
[EventType "team-tourn"]
[EventRounds "15"]
[EventCountry "GER"]
[SourceTitle "CBM 146"]
[Source "ChessBase"]
[SourceDate "2012.01.18"]
[SourceVersion "1"]
[SourceVersionDate "2012.01.18"]
[SourceQuality "1"]
[WhiteTeam "Berlin SF"]
[BlackTeam "Dresden"]
[WhiteTeamCountry "GER"]
[BlackTeamCountry "GER"]

1. e4 e6 2. d4 d5 3. Nc3 Bb4 4. e5 Ne7 5. a3 Bxc3+ 6. bxc3 c5 7. Qg4 O-O 8. Bd3
f5 9. exf6 Rxf6 10. Bg5 Rf7 11. Qh5 g6 12. Qd1 Qa5 13. Bd2 Nbc6 14. Nf3 Qa4 15.
dxc5 e5 16. Be2 Qa5 17. c4 Qxc5 18. cxd5 Nxd5 19. O-O Bf5 20. c4 Nf6 21. Be3
Qf8 22. c5 Rd7 23. Qb3+ Kg7 24. Bb5 Qe7 25. Rfe1 Be4 26. Bg5 Bd5 27. Qc3 e4 28.
Bxc6 Bxc6 29. Ne5 Rd5 30. Nxc6 bxc6 31. Be3 Rad8 32. h3 Rd3 33. Qb2 h6 34. Rab1
g5 35. Qb7 Qxb7 36. Rxb7+ R8d7 37. Reb1 Kf7 38. a4 Ke6 39. Rxd7 Rxd7 40. a5 Nd5
41. a6 Nc7 42. Rb4 Nxa6 43. Rxe4+ Kf5 44. Ra4 Nb8 45. g4+ Kg6 46. Kg2 h5 47.
Rb4 Na6 48. Ra4 Nc7 49. Rxa7 hxg4 50. hxg4 Rf7 51. Kg3 Re7 52. Bd2 Rd7 53. Be3
Re7 54. Kf3 Rf7+ 55. Kg2 Re7 56. Bd2 Rf7 57. Rb7 Ne6 58. Rxf7 Kxf7 59. Be3 Kf6
60. Kg3 Ke5 $2 (60... Nd8 61. Kf3 Nb7 $16) 61. Bxg5 $1 $18 Nxc5 62. f4+ Ke4 63.
f5 Nd7 64. Bc1 c5 65. Bb2 c4 66. Ba1 Kd3 67. Kf4 c3 68. Bxc3 Kxc3 69. g5 Kd4
70. f6 Kd5 71. Kf5 1-0

[Event "Cappelle op 28th"]
[Site "Cappelle la Grande"]
[Date "2012.03.09"]
[Round "8"]
[White "Szabo, Krisztian"]
[Black "Ramirez Alvarez, Alejandro"]
[Result "1/2-1/2"]
[WhiteElo "2538"]
[BlackElo "2591"]
[Annotator "Ramirez Alvarez,A"]
[PlyCount "96"]
[EventDate "2012.03.03"]
[EventType "swiss"]
[EventRounds "9"]
[EventCountry "FRA"]
[SourceTitle "CBM 147 Extra"]
[Source "ChessBase"]
[SourceDate "2012.04.24"]
[SourceVersion "1"]
[SourceVersionDate "2012.04.24"]
[SourceQuality "1"]

1. e4 e6 2. d4 d5 3. Nc3 Bb4 4. e5 c5 5. a3 Bxc3+ 6. bxc3 Ne7 7. Qg4 O-O 8. Bd3
Nbc6 9. Qh5 Ng6 10. Nf3 Qc7 11. Be3 Nce7 (11... c4 12. Bxg6 fxg6 13. Qg4 {
has been enjoying a bit of a revival lately.} Qf7 14. Ng5 Qe8 15. h4 h6 (15...
Bd7 $5 16. Qe2 b5 17. g4 Qd8 $13 {Robson-Holt, UTD GM 2012}) 16. Nh3 Bd7 17.
Qe2 b5 18. h5 g5 19. g4 Ne7 20. f4 gxf4 21. Nxf4 {was weird to say the least
in Negi-Abrahmyan, Cappelle 2012}) 12. h4 f6 $5 {My own little pet line, which
I was sure that Szabo had looked at before the game. I wasn't sure what he was
going to do but I was excited about the possibilities.} 13. exf6 Rxf6 (13...
gxf6 {is a dumb computer suggestion. Watch it become the main line in the next
few years}) 14. O-O c4 15. Bxg6 Nxg6 16. Bg5 Rf5 {Of course I reached this
position in my analysis, and then forgot to look at any move that was not a R
to e1.} (16... Nf4 $6 17. Bxf4 Qxf4 18. Qg5 Qe4 19. Ne5 Rf5 20. Qe7 Qxc2 21.
Rae1 $16) 17. Qg4 (17. Rae1 Qf7 18. Qg4 e5 19. dxe5 Nxe5 (19... Rxf3 20. Qxf3
Qxf3 21. gxf3 Bh3 22. h5 $14) 20. Nxe5 Rxe5 21. Qd4 Re6 $1 (21... Rxe1 22. Rxe1
Be6 $14 {is an obvious pull for White but Black has pretty high hopes of
surviving.}) 22. Qxd5 (22. Re3 $5) 22... Rxe1 23. Qxf7+ Kxf7 24. Rxe1 h6 25.
Be3 Bf5 $14 {is an endgame that is much closer to being a draw than to losing.
So if you're guaranteed a draw with Black, why not?}) 17... Rf8 $2 (17... e5 $1
18. dxe5 (18. Qg3 Nf4 19. Rae1 (19. Bxf4 exf4 $11 {isn't bad for Black because
his bishop isn't useless anymore.}) 19... e4 20. Ne5 Nh5 $11) 18... Rf4 $1 (
18... Nxe5 19. Nxe5 Qxe5 20. Rae1 Qd6 21. Re8+ Rf8 22. Rxf8+ Qxf8 23. Qd4 $14)
19. Qg3 (19. Qxf4 Nxf4 20. Bxf4 Bg4 21. Nd4 Rf8 22. g3 Qe7 $15 {and only Black
can be better}) 19... Rg4 20. Qh2 h6 $1 21. Be3 (21. h5 Nxe5 22. Nxe5 Rxg5 23.
f4 Rf5 $11) 21... Bf5 $15 {Black's epic rook has lodged itself in g4, where it
threatens a lot of things. Black is better.}) 18. Rae1 {White is already
better.} e5 19. Qg3 Bf5 20. h5 Nf4 21. Nxe5 Ne6 (21... Nxh5 {was my original
intention but...} 22. Qf3 $18 {is curtains.}) 22. Re2 Nxg5 23. Qxg5 h6 24. Qg3
Be4 {Black is down a pawn but at least his bishop is playing, and White's
queenside is ruined. He has a lot of technical problems to solve.} 25. Rfe1 Qd6
(25... b5 26. Qh3 Bf5 27. g4 Be4 28. f3 Bh7 29. g5 Bf5 30. Qg3 $16) 26. a4 (26.
Qh3 Bf5 27. g4 Bh7 28. a4 Rae8 $16) (26. Nxc4 $2 Qxg3 27. fxg3 Rac8 28. Nd6
Rxc3 29. Nxe4 dxe4 $14 {is very close to a draw.}) 26... Rac8 {This dumb
looking move was played because ...Qa3 didn't work.} (26... Qa3 27. Nxc4 $18)
27. f3 Bh7 28. Qh4 Rc7 29. Ng4 Rcf7 30. Re6 $1 {Black has been barely holding,
and White finally goes for it. Some tactics start happening and I was short on
time, but I thought I could survive. However my opponent had judged this
better than I had.} Qf4 31. Re7 Rxe7 32. Rxe7 Bxc2 {I don't have much of a
choice but to go for the pawns.} 33. Rxb7 Bxa4 34. Qe7 Qc1+ {it's useful to
drive the king forward before deciding on how to defend the 7th rank.} 35. Kh2
Qf4+ 36. Kg1 Qc1+ 37. Kh2 Qf4+ 38. Kh3 Qf7 (38... Rf7 $2 39. Qd8+ Rf8 40. Qxd5+
$18) 39. Rxa7 {This was kind of an ugly decision to make on the 39th move.
Take the h5-pawn and risk losing immediately or hope to not be killed too
easily on the endgame?} Qxh5+ (39... Qxe7 40. Rxe7 Rf5 41. Kh4 Kf8 42. Re5 Rxe5
43. Nxe5 Ke7 {looks awful, but maybe the technical task isn't so easy. White
should win though.}) 40. Kg3 Qg6 41. Rxa4 h5 {At this point I saw that if
White takes on d5 the game is over, so I had basically given up.} 42. Qd7 $6 {
This move is not the best.} (42. Qe5 hxg4 43. Qxd5+ {won easily and was what I
was expecting.}) 42... hxg4 $2 {I had simply forgotten about my refutation to
Qd7.} (42... Qg5 $1 43. Qe6+ Kh7 {and the game is very far from over.}) 43.
Qxd5+ Kh8 (43... Kh7 44. Qe4 gxf3+ 45. Qxg6+ Kxg6 46. gxf3 {is very obviously
lost.}) 44. Qe4 Qg5 45. Qxg4 Qc1 46. Qh5+ (46. Ra7 {and I would've resigned
immediately, as I'm forced to trade queens.}) 46... Kg8 47. Qd5+ Kh8 {I wasn't
really sure what my opponent was doing.} 48. Ra8 $4 Qf4+ {And I escaped with a
draw. A weird oversight. I was overly lucky in this game, but sometimes that
happens.} 1/2-1/2

[Event "Richardson UTD schev"]
[Site "Richardson"]
[Date "2012.03.11"]
[Round "3"]
[White "Robson, Ray"]
[Black "Holt, Conrad"]
[Result "0-1"]
[WhiteElo "2606"]
[BlackElo "2499"]
[Annotator "Ramirez Alvarez,A"]
[PlyCount "96"]
[EventDate "2012.03.10"]
[EventType "schev"]
[EventRounds "10"]
[EventCountry "USA"]
[SourceTitle "CBM 147 Extra"]
[Source "ChessBase"]
[SourceDate "2012.04.24"]
[SourceVersion "1"]
[SourceVersionDate "2012.04.24"]
[SourceQuality "1"]
[WhiteTeam "Grandmasters"]
[BlackTeam "Dallas UT"]
[WhiteTeamCountry "USA"]
[BlackTeamCountry "USA"]

{This matchup was interesting because we saw two young theoreticians fighting
over what is now a thematic French line. Both player's were extremely faithful
to their variations, so the line that occured in the game should have come as
no surprise to either.} 1. e4 e6 2. d4 d5 3. Nc3 Bb4 4. e5 c5 5. a3 Bxc3+ 6.
bxc3 Ne7 7. Qg4 O-O 8. Bd3 Nbc6 9. Qh5 Ng6 10. Nf3 Qc7 11. Be3 c4 12. Bxg6 fxg6
13. Qg4 Qf7 14. Ng5 Qe8 15. h4 Bd7 (15... h6 16. Nh3 Ne7 17. Qe2 Bd7 18. h5 g5
{led to an extremely complicated position in the recent game Negi-Abrahamyan,
from Cappelle-La-Grande 2012. Even though Negi ended up winning that game, a
large part of it was luck.}) (15... b5 16. h5 h6 17. Nf3 {Eventually lead to a
victory for Robson earlier this year against Grigoryan in the Moscow Open}) 16.
Qe2 b5 17. g4 Qd8 $5 {An interesting approach. This had been used before by
Lputian against Bologan. The point is that Black will not create unnecessary
weaknesses with h6 unless forced to. This however allows White to quickly push
on the kingside.} 18. h5 gxh5 19. Rxh5 h6 20. Nf3 Qa5 21. Kd2 (21. Bd2 $2 {
was Lahno's choice against Galstian in 2005, but this just doesn't make much
sense.} Rf4 $17) 21... b4 $5 {This seemingly suicidal move is actually very
interesting. The position will be analyzed further in CBM and is great food
for thought.} (21... Be8 $5 {Deserves deep analysis.}) 22. Bxh6 bxc3+ 23. Ke1
Be8 24. Rg5 Rf7 {The position is very strange. White seems to have a lot of
pressure on the kingside but there is no clear way to make any progress.
Notice how Black has cut off the a1 rook from the kingside by forcing the king
down to e1.} 25. Qe3 Qa4 26. Qxc3 $6 (26. Bxg7 Rxg7 27. Rxg7+ Kxg7 28. Qg5+ Kf8
{is a perpetual check. But Robson wanted more, being white and much higher
rated.}) 26... Qa5 27. Qxa5 Nxa5 {Despite White's extra pawn, it is he who is
actually in trouble. The situation of the pieces on the kingside causes him a
lot of headaches, as none of them can move. This will eventually cost him
material.} 28. Ke2 Rb8 29. Rh1 Rb2 30. Kd2 Ra2 {Black simply has a free hand
on the queenside. White sacrifices his piece, but it's too late.} 31. Bxg7 Rxg7
(31... c3+ $1 {Was much more prcesie. But the move ni the game is also winning.
}) 32. Rxg7+ Kxg7 33. Ng5 Bg6 34. Nxe6+ Kg8 35. Ke3 Be4 36. Rb1 Nb3 $1 {
A pretty move avoiding all counterplay. White has a lot of pawns but they are
vulnerable and a piece is still a piece.} 37. Kf4 Rxc2 38. Rf1 Bd3 39. Rh1
Rxf2+ 40. Kg3 Rf1 41. Rh5 c3 42. Rg5+ Kf7 43. Nd8+ Ke8 44. Nc6 c2 45. Rg8+ Kf7
46. Rd8 c1=Q 47. Rd7+ Kg6 48. Ne7+ Kg5 {A fascinating game. Black seems to
have had the last laugh in this very topical variation. We can only wait to
see what Robson will try next time to reclaim White's supremacy in the French.}
0-1

[Event "Vienna Bawag"]
[Site "Vienna"]
[Date "1996.??.??"]
[Round "7"]
[White "Arakhamia Grant, Ketevan"]
[Black "Kindermann, Stefan"]
[Result "1/2-1/2"]
[WhiteElo "2480"]
[BlackElo "2575"]
[Annotator "Rechlis,G"]
[PlyCount "116"]
[EventDate "1996.05.??"]
[EventType "tourn"]
[EventRounds "9"]
[EventCountry "AUT"]
[EventCategory "9"]
[SourceTitle "CBM 054"]
[Source "ChessBase"]
[SourceDate "1996.10.01"]
[SourceVersion "1"]
[SourceVersionDate "1996.10.01"]
[SourceQuality "1"]

1. e4 e6 2. d4 d5 3. Nc3 Bb4 4. e5 c5 5. a3 Ba5 6. b4 cxd4 7. Qg4 Ne7 8. bxa5
dxc3 9. Qxg7 Rg8 10. Qxh7 Nbc6 11. f4 Qxa5 12. Nf3 (12. Rb1 Bd7 13. Rxb7 Nd4
14. Qd3 Nef5 15. Nf3 Nxf3+ (15... Qc5 16. Nxd4 Nxd4 17. Qh7 Rf8 18. Bd3 Bc6 19.
Rb1 O-O-O 20. Kd1 Nf5 $1 $15 {Dolmatov,S-Lputian,S/URS-FL Irkutsk/1986/0,5/41/}
) 16. Qxf3 Rc8 17. Bd3 Bc6 18. Rxf7 $1 Kxf7 19. Qh5+ Ke7 20. Bxf5 Rcf8 21. Qh4+
Ke8 22. Qh6 $1 Qc7 23. Qxe6+ Kd8 24. Bh3 $16 {Timman,J-Vaganian,R/Montpellier/
1985/1:/34/}) 12... Bd7 13. Rb1 O-O-O 14. Qd3 d4 15. Rb5 $6 (15. g3 $5) 15...
Qc7 16. a4 $2 a6 17. Rb1 Qa5 18. Qc4 Qd5 $1 $17 19. Qxa6 (19. Qxd5 Nxd5 20. g3
Ndb4 21. Bd3 Nxd3+ 22. cxd3 Ne7 23. Nxd4 Bxa4 24. Be3 Nc6 $17) 19... Nb4 $1 20.
Qe2 Nec6 21. Kf2 Qa2 $19 22. Rxb4 Nxb4 23. Nxd4 Bxa4 24. Qe3 Nxc2 (24... Nc6 $5
) 25. Qxc3+ Kb8 26. Bc4 $8 Rxg2+ $1 27. Kxg2 (27. Kf1 Bb5 $3 (27... Nxd4 28.
Bxa2 Rxa2 $40) 28. Nxb5 (28. Bxb5 Nxd4 $19) (28. Kxg2 Ne1+ 29. Kf1 $8 Bxc4+ 30.
Kxe1 Rxd4 31. Qb2 Re4+ 32. Kd1 Qa4+ $19) 28... Ne3+ 29. Bxe3 Rd1+) 27... Ne3+
28. Kf3 Nxc4 29. Be3 Rxd4 $2 (29... Nxe5+ 30. fxe5 Qd5+ 31. Kf2 Qxh1 $19) 30.
Qxd4 Bc6+ 31. Kg3 Nxe3 32. Qd8+ Ka7 33. Qd4+ Kb8 34. Qd8+ Ka7 35. Qd4+ b6 36.
Ra1 Nf5+ 37. Kg4 Nxd4 38. Rxa2+ Kb7 $15 39. h4 b5 40. h5 Nf5 41. Kg5 Kb6 42. h6
Nxh6 43. Kxh6 Be4 44. Kg7 Bg6 45. f5 Bxf5 46. Kxf7 b4 47. Ra8 Kc5 48. Rb8 Kc4
49. Ke7 b3 50. Kd6 Kc3 51. Rc8+ Kd2 52. Rb8 Kc2 53. Rc8+ Kb1 54. Rb8 b2 55. Ke7
Kc1 56. Rc8+ Bc2 57. Rb8 Bf5 58. Rc8+ Bc2 1/2-1/2

[Event "Moscow Aeroflot op-A"]
[Site "Moscow"]
[Date "2007.02.14"]
[Round "1"]
[White "Sutovsky, Emil"]
[Black "Dyachkov, Sergej"]
[Result "1-0"]
[WhiteElo "2629"]
[BlackElo "2554"]
[Annotator "Reeh,O"]
[PlyCount "33"]
[EventDate "2007.02.14"]
[EventType "swiss"]
[EventRounds "9"]
[EventCountry "RUS"]
[SourceTitle "CBM 117"]
[Source "ChessBase"]
[SourceDate "2007.03.30"]
[SourceVersion "1"]
[SourceVersionDate "2007.03.30"]
[SourceQuality "1"]

1. e4 e6 2. d4 d5 3. Nc3 Bb4 4. e5 c5 5. a3 Bxc3+ 6. bxc3 Qc7 7. Qg4 f6 {
A difficult variation for Black. Eine schwierige Variante für Schwarz.} 8. Bb5+
Kf8 9. Nf3 c4 $2 {Cutting off the white bishop b5, but fatally weakening the
diagonal a3-f8. Schneidet den weißen Läufer b5 ab, schwächt aber fatal die
Diagonale a3-f8.} {[%tqu "En","Black has cut off the white bishop - what do
you do?","The move ...c5-c4 has weakened an important diagonal.","","a3a4",
"Good!  Since the bishop on b5 is lost anyway, White must attack - and the
first thing to do is to occupy the diagonal a3-f8 with his bishop.  Add
yourself a total of 20 extra points if you have seen already how to continue
for White after 10...a6 11.Ba3+ Ne7!",10,"De","Schwarz hat den weißen Läufer
abgeschnitten - was ist zu tun?","Der Zug ...c5-c4 hat eine wichtige Diagonale
geschwächt.","","a3a4","Gut!  Da der Läufer auf b5 sowieso verloren ist, muss
Weiß angreifen - und dazu ist zunächst einmal die Diagonale a3-f8 zu besetzen.
Schreiben sie sich volle 20 Extrapunkte gut, wenn Sie bereits hier gesehen
haben, wie es nach 10...a6 11.La3+ Se7 für Weiß weitergehen soll!",10]} 10. a4
$1 a6 11. Ba3+ Ne7 {[%tqu "En","The white bishop is attacked. What would you
play?","The Bb5 has no square... hasn't it?","Black's king is protecting both
e8 and g7...","b5e8","Excellent!  You have seen that Black can't capture on e8,
since this would entail a catastrophe on the dark squares after 13.Qxg7.",15,
"a3d6","It looks tempting to attack the queen, but this is not as strong as
the game continuation.",0,"De","Der weiße Läufer ist angegriffen. Was würden
Sie spielen?","Der Lb5 hat kein Feld... oder?","Der schwarze König deckt
sowohl e8 als auch g7...","b5e8","Ausgezeichnet!  Sie haben gesehen, dass
Schwarz nicht auf e8 schlagen kann, da dies nach 13.Dxg7 eine Katastrophe auf
den schwarzen Feldern nach sich ziehen würde.",15,"a3d6","Die Dame anzugreifen,
sieht verlockend aus, doch dies ist nicht so stark wie die Partiefortsetzung.",
0]} 12. Be8 $1 {White saves his bishop, using the fact that the Black king has
to protect the square g7. And all this has happened before! Weiß rettet seinen
Läufer, die Tatsache nutzend, dass der schwarze König das Feld g7 decken muss.
Und all das gab es schon!} (12. Bd6 Qd8 {would be less strong. wäre weniger
stark.}) 12... Qd8 $146 ({RR} 12... Kxe8 13. Qxg7 Rf8 (13... Rg8 14. Qxh7 {
doesn't change much. ändert nicht viel.}) 14. exf6 Rf7 15. Qh8+ Rf8 16. Qg7 ({
After Nach} 16. Qxh7 Rxf6 17. Ne5 {White has a clear plus, e.g. hat Weiß ein
klares Plus, z.B.} Rf5 18. Qh8+ Rf8 19. Qh5+ Kd8 20. a5 $1 {or 17...Nbc6 18.
Qh5+. oder 17...Sbc6 18.Dh5+.}) 16... Rf7 {1/2-1/2 Hayward,K (2106)-Carter,D 
(2072)/Portland 1978/EXT 2005}) (12... fxe5 13. Qh5 g6 14. Bxg6 $1 $16) 13. Bh5
$1 {What a route for the bishop: Bb5-e8-h5 - in a French Defence! Welche eine
Route für den Läufer: Bb5-e8-h5 - und das in einem Franzosen!} Nbc6 14. exf6
gxf6 {[%tqu "En","How do you continue White's attack? In fact there are two
very good moves here - but it's enough to find one!","The black pawn on f6
covers the squares e5 and g5.","If this pawn disappears, this would open many
lines and diagonals for the white pieces.","f3g5","Nice!  The knight is taboo,
and the threat against e6 forces a further weakening of the dark squares!",15,
"f3e5","This is just as strong as the game continuation - have you seen how
White checkmates in three moves if Black takes with 15.fxe5 now?",15,"De","Wie
würden Sie den weißen Angriff fortsetzen? Tatsächlich gibt es hier zwei gute
Züge - aber es reicht ja, wenn Sie einen finden!","Der schwarze Bauer auf f6
deckt die Felder e5 und g5.","Wenn dieser Bauer verschwindet, öffnet dies
viele Diagonalen und Linien für die weißen Figuren.","f3g5","Schön!  Der
Springer ist tabu, und die Bedrohung von e6 erzwingt eine weitere Schwächung
der dunklen Felder!",15,"f3e5","Dies ist ebenso stark wie die
Partiefortsetzung - haben Sie gesehen, wie Weiß nach jetzt in drei Zügen
mattsetzt?",15]} 15. Ng5 $1 (15. Ne5 $1 {was just as good, since also here the
knight is taboo: war ebenso gut, denn auch hier ist der Springer tabu:} fxe5 (
15... Rg8 16. Qf4 $18) 16. Qf3+ Kg7 17. Qf7+ Kh6 18. Bc1#) (15. Qf4 $2 {
would give Black some respite after gäbe Schwarz eine Atempause nach} Kg7)
15... Qa5 (15... fxg5 16. Qxg5 {and Black is helpless against the check on f6.
und Schwarz ist wehrlos gegen das Schach auf f6.}) 16. O-O f5 17. Qh4 {and
Black resigned since 18.Nf7 can't be parried. und Schwarz gab auf, denn 18.Nf7
ist nicht zu verhindern.} 1-0